000 00431nam a2200145Ia 4500
008 210210b1970 xxu||||| |||| 00| 0 eng d
082 _a305.23 KAKC
100 _aKAKAR (Sudhir) and CHOWDHRY (Kamla).
245 _aConflict and choice, Indian youth in a changing society.
260 _aBombay.
_bSomaiya Publications Pvt Ltd.,
_c1970
300 _ax,177
650 _aYouth Young
690 _aSocial Structure
906 _a037006
999 _c87345
_d87345